| 000 | 00353nam a2200109Ia 4500 | ||
|---|---|---|---|
| 008 | 171204s9999 xx 000 0 und d | ||
| 245 | _aSound Unseen: Acousmatic Sound In Theory And Practice: | ||
| 245 | _cBrian Kane | ||
| 260 | _c2014 | ||
| 650 | _xColor, Lights and Sound Management | ||
| 856 | _uhttp://down.ebook777.com/005/SouUnsAcoSouInTheAndPra.pdf | ||
| 999 |
_c346290 _d346290 |
||